00689nam a2200253 a 4500001001500000003000700015005001800022008004100040020000500081022000500086040001000091082000800101245003800109250000500147260003600152300002000188500000600208100002400214700000700238942000700245653006900252952009700321999001700418adlib96000001 ViArRB200902210153555.7960221s1955 dcuabcdjdbkoqu001 0deng d a a aAdlib a547 aintroduction to organic chemistry a aSan FranciscobHolden-Dayc1977 axxviii, 818p.c a  aReusch, William He aa cBK aPhysical organic chemistryaOrganic chemistryaOrganic reactions 00104070aULbULd2010-06-16l4o547 REUp00014241r2017-11-30s2017-11-03w2010-06-16yBK c15501d15500